书目信息 |
| 题名: |
测量学教程
|
|
| 作者: | 周国树 , 陈振杰 , 章书寿 主编 | |
| 分册: | ||
| 出版信息: | 北京 测绘出版社 2021.08 |
|
| 页数: | 273页 | |
| 开本: | 26cm | |
| 丛书名: | ||
| 单 册: | ||
| 中图分类: | P2 | |
| 科图分类: | ||
| 主题词: | 测量学--ce liang xue--高等教育--教材 | |
| 电子资源: | ||
| ISBN: | 978-7-5030-4377-2 | |
| 000 | 01175nam0 2200277 450 | |
| 001 | 28026 | |
| 005 | 20221008134223.37 | |
| 010 | @a978-7-5030-4377-2@dCNY48.00 | |
| 100 | @a20211102d2021 em y0chiy50 ea | |
| 101 | 0 | @achi |
| 102 | @aCN@b110000 | |
| 105 | @aak a 000yy | |
| 200 | 1 | @a测量学教程@Ace liang xue jiao cheng@f周国树, 陈振杰, 章书寿主编 |
| 205 | @a第5版 | |
| 210 | @a北京@c测绘出版社@d2021.08 | |
| 215 | @a273页@c图@d26cm | |
| 320 | @a有书目 (第268页) | |
| 330 | @a本书根据测绘科学与技术的基础知识、基本理论和方法, 结合地学类测量课程教学大纲的要求, 较为详细介绍了高程测量、角度测量、距离测量、误差理论基础、测量控制网、地形图及其测绘、摄影测量的理论知识和操作实践, 介绍了放样工作和工程施工测量的基本方法, 并对卫星定位技术、无人机测绘等现代测绘新技术及其应用也进行了适当介绍。本书经教育部测绘类教材委员会审定为普通高等教育测绘类规划教材。 | |
| 333 | @a普通高等教育测绘类规划教材 | |
| 606 | 0 | @a测量学@Ace liang xue@x高等教育@j教材 |
| 690 | @aP2@v5 | |
| 701 | 0 | @a周国树@Azhou guo shu@4主编 |
| 701 | 0 | @a陈振杰@Achen zhen jie@4主编 |
| 701 | 0 | @a章书寿@Azhang shu shou@4主编 |
| 801 | 0 | @aCN@c20220910 |
| 905 | @a河南城建学院图书馆@dP2@eZ760=5@f2 | |
| 测量学教程/周国树, 陈振杰, 章书寿主编.-第5版.-北京:测绘出版社,2021.08 |
| 273页:图;26cm |
| 使用对象:普通高等教育测绘类规划教材 |
| ISBN 978-7-5030-4377-2:CNY48.00 |
| 本书根据测绘科学与技术的基础知识、基本理论和方法, 结合地学类测量课程教学大纲的要求, 较为详细介绍了高程测量、角度测量、距离测量、误差理论基础、测量控制网、地形图及其测绘、摄影测量的理论知识和操作实践, 介绍了放样工作和工程施工测量的基本方法, 并对卫星定位技术、无人机测绘等现代测绘新技术及其应用也进行了适当介绍。本书经教育部测绘类教材委员会审定为普通高等教育测绘类规划教材。 |
| ● |
| 相关链接 |
|
|
|
正题名:测量学教程
索取号:P2/Z760=5
 
预约/预借
| 序号 | 登录号 | 条形码 | 馆藏地/架位号 | 状态 | 备注 |
| 1 | 1580639 | 215806395 | 自科库401/401自科库 113排1列6层/ [索取号:P2/Z760=5] | 在馆 | |
| 2 | 1580640 | 215806402 | 自科库401/401自科库 113排1列6层/ [索取号:P2/Z760=5] | 在馆 |